SPECTRUM GRAB INSIDE STORY OF THE 2G SCA (Record no. 21460)
[ view plain ]
| 000 -LEADER | |
|---|---|
| fixed length control field | 00368nam a2200133Ia 4500 |
| 008 - FIXED-LENGTH DATA ELEMENTS--GENERAL INFORMATION | |
| fixed length control field | 240624s9999 xx 000 0 und d |
| 041 ## - LANGUAGE CODE | |
| Language code of text/sound track or separate title | eng |
| 082 ## - DEWEY DECIMAL CLASSIFICATION NUMBER | |
| Classification number | 364.1 BHA |
| 100 ## - MAIN ENTRY--PERSONAL NAME | |
| Personal name | BHANDARI BHUPESH |
| 245 ## - TITLE STATEMENT | |
| Title | SPECTRUM GRAB INSIDE STORY OF THE 2G SCA |
| 260 ## - PUBLICATION, DISTRIBUTION, ETC. | |
| Date of publication, distribution, etc. | 2012 |
| Place of publication, distribution, etc. | New Delhi |
| Name of publisher, distributor, etc. | Business Standard Limited |
| 300 ## - PHYSICAL DESCRIPTION | |
| Extent | ix, : 262 : p. : cm. ; 21 |
| 365 ## - TRADE PRICE | |
| Currency code | RS |
| Price amount | 35 |
| Withdrawn status | Lost status | Damaged status | Not for loan | Home library | Current library | Shelving location | Date acquired | Source of acquisition | Cost, normal purchase price | Total Checkouts | Full call number | Barcode | Date last seen | Date last checked out | Copy number | Price effective from | Koha item type |
|---|---|---|---|---|---|---|---|---|---|---|---|---|---|---|---|---|---|
| IMTN | IMTN | Rack 16-A | 06/28/2013 | UBS | 350.00 | 1 | 364.1 BHA | 21460 | 10/14/2025 | 10/04/2025 | 1 | 06/24/2024 | Books |